Ahteri ve dönemi bilgi şöleni bildirileri : (Record no. 15607)

MARC details
000 -BAŞLIK
Sabit Uzunlukta Kontrol Alanı 00935nam a22002417a 4500
999 ## - SİSTEM KONTROL NUMARALARI (KOHA)
Koha Biblionumber 15607
Koha Biblioitemnumber 15607
003 - KONTROL NUMARASI IDENTIFIER
Denetim Alanı MIRAKIL
005 - SON İŞLEM TARİHİ VE ZAMANI
Denetim Alanı 20240312111248.0
008 - SABİT-BOY VERİ ELEMANLARI - GENEL BİLGİLER
Sabit Uzunlukta Kontrol Alanı 240312b tu ||||| |||| 00| 0 tur d
020 ## - ULUSLARARASI STANDART KİTAP NUMARASI
Uluslararası Standart Kitap Numarası 9789751635402
040 ## - KATALOGLAMA KAYNAK
Orijinal Kataloglama Ajansı TR-AnCHP
Metne Dönüştürmek Ajansı TR-AnCHP
041 ## - DİL KODU
Metin / Ses Parça Veya Ayrı Başlığın Dil Kodu tur
082 ## - DEWEY ONLU SINIFLANDIRMA NUMARASI
Sınıflandırma Numarası 297.0922
Ürün Numarası A37 2018
090 ## - SINIFLAMA NUMARASI
Sınıflama Numarası 297.0922 A37 2018
111 ## - ANA GİRİŞ - TOPLANTI ADI
Giriş Elemanı Olarak Toplantı Adı Veya Yargı Alanı Adı Ahteri ve Dönemi Bilgi Şöleni
Toplantı Veya Antlaşma İmzalandığı Tarihi (2013 :
Bölüm / Bölüm / Toplantı Sayısı Kütahya, Türkiye)
245 10 - BAŞLIK TABLOSU
Başlık Ahteri ve dönemi bilgi şöleni bildirileri :
Başlığın Kalan Kütahya, 7-9 Kasım 2013 /
Sorumluluk Tablosu, Vb hazırlayanlar : Bilal Kemikli, Ahmet Türkan
260 ## - YAYIN, DAĞITIM, VB
Yayın, Dağıtım, Vb Yeri Ankara:
Yayıncı, Dağıtıcı, Vs Adı Türk Dil Kurumu,
Yayın, Dağıtım, Vb Tarihi 2018.
300 ## - FİZİKSEL TANIM
Kapsam 271 sayfa :
Diğer Fiziksel Ayrıntıları resim ;
Boyutlar 23 cm
490 0# - SERİSİ TABLOSU
Seri Beyanı Atatürk Kültür, Dil ve Tarih Yüksek Kurumu Türk Dil Kurumu yayınları ;
Hacim / Ardışık Tanımı 1263.
600 #0 - KONU KATMA GİRİŞ - KURUMSAL ADI
9 (RLIN) 7709
Kişisel Ad Ahteri, Muslihuddin Mustafa
650 #0 - KONU KATMA GİRİŞ - TOPİKAL DÖNEM
9 (RLIN) 7710
Topikal Süreli Veya Coğrafi Ad Giriş Elemanı İslam alimleri
856 ## - ELEKTRONİK YER VE ERİŞİM
Kamu Notu Dijital Nüshası için Partimizin Kütüphane Sorumlusu ile iletişime geçiniz.
942 ## - EKLENDİ GİRİŞ ELEMANLARI (KOHA)
Sınıflandırma Veya Raf Düzeni Kaynak Dewey Decimal Classification
Koha Öğesi Türü Books
Holdings
Kalıcı Konum Mevcut Konum Edinme Tarihi Toplam Check-Out'Lar Tam Çağrı Numarası Barkod Tarih Son Görülme İtibaren Geçerli Fiyatlar Koha Öğesi Türü
CHP Kütüphanesi CHP Kütüphanesi 03/12/2024   297.0922 A37 2018 21520 03/12/2024 03/12/2024 Books